Detekcia a oprava zraniteľností v smart kontraktoch pomocou dostupných AI nástrojov

Saved in:
Bibliographic Details
Main Author: Skrypova, Karolina (Author)
Other Authors: Mastiľak, Lukáš (Thesis advisor)
Format: Manuscript Book
Language:Slovak
Published: 2025
Subjects:
Online Access:http://is.stuba.sk/zp/portal_zp.pl?podrobnosti=179827
Tags: Add Tag
No Tags, Be the first to tag this record!

MARC

LEADER 00000ntm a22000003a 4500
001 stuzp102938
003 SK-STU
005 20250614211848.7
007 ta
008 150427s2015----xo-----f-mn---000-0-slo-d
040 |a STU  |b slo 
041 0 |a slo 
100 1 |a Skrypova, Karolina  |u 070400  |4 aut  |U FIIT Fakulta informatiky a informačných technológií  |T FIIT Ústav počítačového inžinierstva a aplikovanej informatiky  |X 123423  |U I400  |Y 672  |7 123423 
242 0 1 |a Detection and correction of vulnerabilities in smart contracts with help of AI tools  |y eng 
245 1 0 |a Detekcia a oprava zraniteľností v smart kontraktoch pomocou dostupných AI nástrojov 
260 |c 2025 
650 4 |a vulnerabilities  |2 eng 
650 4 |a smart contracts  |2 eng 
650 4 |a LLM  |2 eng 
650 4 |a LLM  |2 slo 
650 4 |a smart kontrakty  |2 slo 
650 4 |a zraniteľnosti  |2 slo 
700 1 |a Mastiľak, Lukáš  |u 070400  |k Z1  |4 ths  |U FIIT Fakulta informatiky a informačných technológií  |T FIIT Ústav počítačového inžinierstva a aplikovanej informatiky  |X 72229  |U I400  |Y 672  |7 72229 
856 4 |u http://is.stuba.sk/zp/portal_zp.pl?podrobnosti=179827